O jazyku v časopise Dennica

Bibliographic Details
Main Author: Bajzíková, Eugénia, 1937- (Author)
Format: Article
Language:Slovak
Subjects:

MARC

LEADER 00000nab a2200000 a 4500
001 vtls010094303
003 SK-MaSNL
005 20260304030533.0
008 100512c1973 xo 0 slo
015 |a SNBRA1974  |2 snkbucl 
040 |a SNKBUCL  |b slo  |c SNKBUCL  |e AACR2 
041 0 |a slo 
044 |a xo  |c SK 
080 |a 070.22  |2 snkbucl 
100 1 |a Bajzíková, Eugénia,  |d 1937-  |4 aut  |9 97586 
245 1 0 |a O jazyku v časopise Dennica  |c Eugénia Bajzíková 
630 0 7 |a Dennica (časopis)  |2 snkbucl  |9 990497 
773 0 |t Universitas Comeniana Facultas Paedagogica Tyrnaviensis (Spoločenské vedy. Philologia 3)  |d Bratislava : Slovenské pedagogické nakladateľstvo, 1973  |g S. 187-190 
850 |a Slovenská národná knižnica v Martine  |a MTA001 
852 |a SNK  |b KIS3GCP 
958 |a KL 
999 |c 2634521  |d 2636451